| 000 | 00691nam a22002057a 4500 | ||
|---|---|---|---|
| 999 |
_c183622 _d183622 |
||
| 005 | 20211230103905.0 | ||
| 010 | _aENG-130769 | ||
| 020 |
_a978-93-89811-33-9 _c875.00 |
||
| 035 | _aEN-114301 | ||
| 037 | _bDBAD | ||
| 082 | _a658.15 | ||
| 100 | _aTulsian, PC | ||
| 245 |
_aFinancial Management: _cPC Tulsian, Bharat Tulsian, Tushar Tulsian _bFor CA INermediate (New Syllabus)/ |
||
| 260 |
_aChennai _bMcGraw Hill Education Private Limited _c2017 |
||
| 270 |
_a444/1, Sri Ekambara Naicker Industrial Estate, Alapakkam, Porur _bChennai _e600116 |
||
| 300 |
_a960p _c28cm(pbk) |
||
| 700 | _aTulsian, Bharat | ||
| 700 | _aTulsian, Tushar | ||
| 942 |
_2ddc _cEN _h658.15 _mTUL |
||